| 000 | 00378nam a2200145 a 4500 | ||
|---|---|---|---|
| 005 | 20140310183211.0 | ||
| 008 | 970101s19uu xx 00 eng d | ||
| 050 |
_aQP 36 _b.M2 2002 |
||
| 100 | _aMader, Sylvia S. | ||
| 245 |
_aHuman biology / _cSylvia S. Mader. |
||
| 300 |
_a1-18 _bcol. , ill. ; _c28 cm. |
||
| 650 | _aHuman biology | ||
| 942 |
_cBK _2lcc _kFOR |
||
| 999 |
_c20127 _d20127 |
||